000 00332nam a2200121Ia 4500
008 151001s9999||||xx |||||||||||||| ||und||
100 _aलक्ष्मिक देशमुख
245 _aसलोमी
260 _bअंजली प्रकाशन पुणे
260 _c1990
300 _a144
365 _b21
999 _c970289
_d970286